000 01309cam a22003737a 4500
003 CHAP
005 20220817043922.0
008 031114d2001 it a rn 00110 eng d
010 _a87902
011 _a88874
020 _a9251045437
035 _a99419
040 _cCHAP
082 0 4 _a639.3731
_bF3
110 2 _aFAO
245 1 0 _aSharks of the world :
_ban annotated and illustrated catalogue of shark species known to date
_c/by Leonard J.V. Compagno
260 _aRome :
_bFAO,
_c2001.
300 _av.
490 0 _aFAO. Species catalogue for fishery purposes
_v; 1
500 _aLa biblioteca tiene : Tom.2 Bullhead, mackerel and carpet sharks (heterodontiformes, lamniformes and orectolobiformes
590 _aBATCH-UPD
_b10
_c20130110
_lUCH01
_h0525
590 _aBATCH-UPD
_b10
_c20130410
_lUCH01
_h0205
590 _aBATCH-UPD
_b10
_c20130914
_lUCH01
_h0521
590 _aCONVERSION
_b10
_c20130109
_lUCH01
_h1349
650 1 4 _aBagre.
_99407
650 1 4 _aCaballa.
_916534
650 1 4 _aTiburón.
_9113033
700 0 _aCompagno, Leonard J.V.
_926060
830 0 0 _aFAO. Species catalogue for fishery purposes
_v; 1
_939701
901 _aBK
905 _aAlejandra Carrasco M.
942 _cLIBRO
949 _a639.3731 F3
_bBC
_cFAO
_d33724000891651
_eFAO1
_fv.1 t.2
_gDonaciØn
_h104148
_i99419
_sb
999 _c87902
_d87902